Counties of Wales Quiz Stats

 Plays Quiz Updated Sep 5, 2019

Score 0/13 Timer 05:00
11 Plays Today
% Correct
Pembrokeshire
77.4%
Anglesey
75.7%
Glamorgan
72.7%
Monmouthshire
67.5%
Cardiganshire
64.3%
Flintshire
59.1%
Carmarthenshire
52.7%
Denbighshire
47.4%
Montgomeryshire
47%
Caernarvonshire
45.2%
Radnorshire
43.7%
Brecknockshire
37.9%
Merionethshire
36.5%

You're not logged in!

Compare scores with friends on all Sporcle quizzes.
OR
Log In

Sporcle TV

Today on Sporcle TV


Watch our educational content, quiz creation guides, and fun videos on Sporcle TV.

Show Comments

Extras

Top Quizzes Today


Score Distribution

Your Account Isn't Verified!

In order to create a playlist on Sporcle, you need to verify the email address you used during registration. Go to your Sporcle Settings to finish the process.

Report this User

Report this user for behavior that violates our Community Guidelines.

Details: